LEADER 02955nam 2200613Ia 450 001 9910782654003321 005 20230721004540.0 010 $a1-281-81329-X 010 $a9786611813291 010 $a0-8261-0483-5 035 $a(CKB)1000000000705054 035 $a(EBL)423591 035 $a(OCoLC)437109909 035 $a(SSID)ssj0000104010 035 $a(PQKBManifestationID)11113832 035 $a(PQKBTitleCode)TC0000104010 035 $a(PQKBWorkID)10070616 035 $a(PQKB)11413863 035 $a(MiAaPQ)EBC423591 035 $a(Au-PeEL)EBL423591 035 $a(CaPaEBR)ebr10265412 035 $a(CaONFJC)MIL181329 035 $a(EXLCZ)991000000000705054 100 $a20060825d2007 uy 0 101 0 $aeng 135 $aur|n|---||||| 181 $ctxt 182 $cc 183 $acr 200 00$aAntepartal and intrapartal fetal monitoring$b[electronic resource] /$fby Michelle L. Murray 205 $a3rd ed. 210 $aNew York $cSpringer Pub.$dc2007 215 $a1 online resource (542 p.) 300 $aDescription based upon print version of record. 311 $a0-8261-3262-6 320 $aIncludes bibliographical references and index. 327 $aContributors and Corporate Sponsors; Preface; Acknowledgments; Table of Contents; Chapter 1 Fetal and Maternal Monitoring Equipment; Chapter 2 The Baseline, Accelerations, and Decelerations; Chapter 3 Intrinsic Factors that Affect the Fetal Heart Rate; Chapter 4 Extrinsic Factors that Affect Oxygen Delivery and the FHR; Chapter 5 Acid-Base Balance; Chapter 6 Prediction and Prevention of Intrapartal Fetal Asphyxia; Chapter 7 Hemodynamic and Biochemical Fetal Monitoring; Chapter 8 Variations of the Fetal Heart Rate; Chapter 9 Antepartal Fetal Monitoring; Chapter 10 Biophysical Fetal Assessment 327 $aAppendixIndex 330 $a""...has been one of the major resources in fetal monitoring since its inception....This book will help move us out of the 20th century and into the 21st.""-- Doody's Book Review Service. Designed for labor and delivery nurses, nurse midwives, nurses cross-training in L&D, and Ob/Gyn nurses and physicians, this workbook is a step-by-step guide to using the equipment and identifying FHR pattern components and the significance of those components. Everything you need to know to enable you to identify the common signs of fetal well-being and the indicators of fetal compromise are included in this 606 $aFetal monitoring 606 $aFetal heart rate monitoring 615 0$aFetal monitoring. 615 0$aFetal heart rate monitoring. 676 $a618.3 676 $a618.3/2075 676 $a618.32075 701 $aMurray$b Michelle$g(Michelle L.)$01564619 801 0$bMiAaPQ 801 1$bMiAaPQ 801 2$bMiAaPQ 906 $aBOOK 912 $a9910782654003321 996 $aAntepartal and intrapartal fetal monitoring$93857756 997 $aUNINA LEADER 01973nam0 22004093i 450 001 LO11214028 005 20251003044215.0 010 $a9788842087335 100 $a20081017d2008 ||||0itac50 ba 101 | $aita 102 $ait 181 1$6z01$ai $bxxxe 182 1$6z01$an 183 1$6z01$anc$2RDAcarrier 200 1 $aˆL'‰Italia, gli Stati Uniti e il piano Marshall, 1947-1951$fMauro Campus$gprefazione di Ennio Di Nolfo 210 $aRoma [etc.]$cGLF editori Laterza$d2008 215 $aXXX, 217 p.$d21 cm. 225 | $aPercorsi$v114 410 0$1001REA0044575$12001 $aPercorsi$v114 606 $aItalia$xRicostruzione economica$x1947-1951$2FIR$3LO1C920030$9I 606 $aItalia e Stati Uniti d'America$x1947-1951$2FIR$3LO1C920031$9I 676 $a338.9173045$9SVILUPPO ECONOMICO INTERNAZIONALE. ASSISTENZA DA PARTE DEGLI STATI UNITI ALL'ITALIA$v19 676 $a338.9173045$9ASSISTENZA ECONOMICA INTERNAZIONALE degli Stati Uniti all'Italia$v23 686 $a312.2/IT/US$cRAPPORTI BILATERALI ITALIA STATI UNITI D'AMERICA 1945-1968$2R 686 $a33.2$cPROGRAMMI DI RICOSTRUZIONE ECONOMICA 1945-1968$2R 686 $aIT/341.6$cALLEANZE POLITICO-MILITARI ITALIA 1945-1968$2R 686 $aIT/3430.2$cRICOSTRUZIONE ITALIA 1945-1968$2R 700 1$aCampus$b, Mauro$3PUVV393613$4070$0605291 702 1$aDi Nolfo$b, Ennio$3CFIV008339 801 3$aIT$bIT-000000$c20081017 850 $aIT-BN0095 901 $bNAP 01$cPOZZO LIB.$nVi sono collocati fondi di economia, periodici di ingegneria e scienze, periodici di economia e statistica e altri fondi comprendenti documenti di economia pervenuti in dono. 912 $aLO11214028 950 0$aBiblioteca Centralizzata di Ateneo$c1 v.$d 01POZZO LIB.ECON MON 5651$e 01S 0090038935E VMA 1 v.$fB $h20170227$i20170227 977 $a 01 996 $aItalia, gli Stati Uniti e il piano Marshall, 1947-1951$91224001 997 $aUNISANNIO